Bakteriologisch-serologisches Praktikum für medizinisch-technisches Personal /

Hlavní autor: Martinek, Rudolf
Jazyk: Němčina
Vydáno: Jena : G. Fischer, 1958
Fyzický popis: 128 s.
Knihy
Uloženo v:
LEADER 00669nam a22002052a 4500
001 001422398
003 CZ BrMZK
005 20150120112436.0
007 ta
008 140923s1958 gw er|||||||||||ger d
040 |a BOA001  |b cze 
100 1 |a Martinek, Rudolf  |4 aut 
245 1 0 |a Bakteriologisch-serologisches Praktikum für medizinisch-technisches Personal /  |c Rudolf Martinek ; unter Mitarbeit von Renate Süpke 
260 |a Jena :  |b G. Fischer,  |c 1958 
300 |a 128 s. 
504 |a Obsahuje bibliografii 
910 |a BOA001  |b 2-0408.205 
990 |a BK 
991 |b 201409 
996 7 |b 2619125749  |c 2-0408.205  |l MZK  |r Sklad / do 24 hodin  |n 0  |w 001457444  |u 000010  |a 1  |e BOA001  |j MZK50  |s A